Re:Zero Characters (Arc 1 - 4) - Statistics

General Stats
  • This quiz has been taken 665 times
  • The average score is 27 of 43
Answer Stats
Hint Answer % Correct
Main Character! Natsuki Subaru
99%
The twin to the answer above Ram
98%
One of the maids at the *** Mansion Rem
98%
Silver-haired half-elf, main character's main love interest Emilia
97%
The above answer's knight/partner, wears black face helmet Aldebaran (Al)
92%
A spirit that is only awake from 9 am to 5 pm Puck
92%
An artificial spirit created by the Witch of Greed 400 years ago, safeguards the Forbidden Library Beatrice/Betty
88%
The half-brother of the answer above, guardian of the Sanctuary Garfiel Tinzel
84%
A merchant who has tons of oil, becomes best friends with main character Otto Suwen
83%
The above answer's knight/partner, a member of the Royal Guard and the current Sword Saint, helped the main character overcome the "Bowel Hunter" Reinhard van Astrea
78%
The above answer's knight/partner, gender can be confused Felix Argyle
77%
Witch of Greed, creator of the Sanctuary, famous for her "tea parties" Echidna
76%
Bowel Hunter, worked with the answer above to attack the *** Mansion in Arc 4 Elsa Granhiert
74%
Witch of Envy, possesses an unexplained connection to both the main character and the main character's love interest Satella
74%
A candidate to become the next king of Lugunica, a former thief, one of the first characters the main character meets in the anime Felt
73%
Lord of the _____ Mansion, margrave of the Mathers territory Roswaal L Mathers
72%
A former maid of the *** Mansion who was called out of retirement, "beast-human" Frederica Baumann
70%
The above answer's knight/partner, enemies to friends with the main character Julius Juukulius
69%
Owner of the former owner of the Stolen Goods Warehouse in the slums, nearly killed by the "Bowel Hunter" Old Man Rom (Valga Cromwell)
66%
Crucial in the fight against the White Whale, lost wife to White Whale previously Wilhelm van Astrea
66%
A candidate to become the next king of Lugunica, lost her memories after being defeated by the Sin Archbishop of Gluttony Crusch Karsten
65%
A candidate to become the next king of Lugunica, head of the Hoshin Trading Company Anastasia Hoshin
64%
Sin Archbishop of the Witch Cult, representing Greed Regulus Corneas
62%
Witch of Vainglory, has supreme control over the Witch Cult, one of the main antagonists throughout the entirety of Re:Zero Pandora
57%
A candidate to become the next king of Lugunica, one of many offsprings of the Vollachian Emperor Priscilla Barielle
56%
One of three vice captains (triplets) of "Fang of Iron" Mimi Pearlbaton
54%
Main character's earth dragon Patrasche
53%
The Guardian of the Seal in the Elior Forest, main character's love interest's aunt Fortuna
51%
Captain of the mercenary group called "Fang of Iron," a wolf-human Ricardo Welkin
50%
Witch of Wrath Minerva
49%
The previous generation's sword saint, ended the Demi-Human war, but lost her life to the White Whale Theresia van Astrea
48%
Witch of Pride Typhon
47%
Witch of Gluttony, created the Demon Beasts Daphne
46%
Demon Beast tamer, first introduced as an antagonist in Arc 2 in Irlam Village Meili Portroute
46%
A half-elf girl used to activate the barrier to protect the Sanctuary 400 years ago by the Witch of Greed, famous for having many clones Ryuzu Meyer
46%
Witch of Lust Carmilla
45%
Sin Archbishop of the Witch Cult, representing Gluttony Lye Batenkaitos
43%
Warlock of Melancholy, antagonist that caused the Sanctuary to be created Hector
41%
Witch of Sloth Sekhmet
41%
Sin Archbishop of the Witch Cult, representing Sloth, main villain through Arc 3 Petelguese (Betleguse) Romanée-Conti
38%
An elf who inhabited the Elf Village, sacrificed himself to allow the main character's love interest to escape Arch Elior
35%
One of three vice captains (triplets) of "Fang of Iron" Hetaro Pearlbaton
34%
One of three vice captains (triplets) of "Fang of Iron" Tivey Pearlbaton
32%
No matching quizzes found
Score Distribution
Percent of People with Each Score
Percentile by Number Answered
Your Score History
You have not taken this quiz